Państwa najbliżej Chorwacji - Statystyki

Ogólne statystyki
  • Ten quiz został rozwiązany 16 razy
  • Średni wynik to 13 z 15
Statystyki odpowiedzi
Km Państwo % Poprawnych
67 Albania
100%
23 Austria
100%
0 Słowenia
100%
12 Włochy
100%
0 Bośnia i Hercegowina
93%
0 Czarnogóra
93%
199 Czechy
93%
0 Serbia
93%
167 Słowacja
93%
0 Węgry
93%
177 Macedonia Północna
87%
129 Kosowo
80%
139 San Marino
80%
107 Rumunia
73%
232 Niemcy
67%
Nie znaleziono quizów pasujących do podanych kryteriów
Rozkład punktacji
Procent ludzi z każdym wynikiem
Percentyl według liczby udzielonych odpowiedzi
Twoja historia wyników
Nie rozwiązałeś tego quizu